000 00602nai a2200181Ia 4500
003 IN-BaIIA
008 211028c9999 xx s 000 0 eng d
022 _a1477-0520 (Print)
022 _a1477-0539 (Online)
040 _cIIA Library
245 0 _aOrganic & Biomolecular Chemistry
_h[eJournal]
260 _aCambridge, England
_bRoyal Society of Chemistry
310 _a48/year
362 _a1(1); 2003 - Present
521 _bSubscribed through National Knowledge Resource Consortium (NKRC)
856 _uhttp://dx.doi.org/10.1039/1477-0539/2003
_yClick Here to Access eJournal
942 _cEJ
999 _c35474
_d35474